| 000 | 00584nam a22001937a 4500 | ||
|---|---|---|---|
| 003 | NUST | ||
| 005 | 20230126125603.0 | ||
| 008 | 190709b ||||| |||| 00| 0 eng d | ||
| 038 | _aMr. Zahoor | ||
| 082 | _a510 | ||
| 100 |
_aAbbasi, Sadia Ashraf _917200 |
||
| 245 |
_aBehaviour of Timelike Geodesics in the Kerr- Newmann Spacetime _cSadia Ashraf Abbasi |
||
| 260 |
_aIslamabad : _bSNS - NUST, _c2014. |
||
| 300 |
_a42 p. : ill. ; _c30cm. |
||
| 500 | _ahardcover. | ||
| 650 |
_aMathematics - Mphil Thesis _917180 |
||
| 700 |
_aDr. Azad Akhter Siddiqui _916912 |
||
| 942 |
_2ddc _cTHE |
||
| 999 |
_c526228 _d526228 |
||